000 01030nam a2200313 i 4500
003 DO-SdBNP
005 20240516195917.0
006 a||||gr|||| 00| 0
007 ta
008 230818e19851996dr a|||| |||| 00| 0 spa d
040 _aDO-SdBNP
_bspa
_cBNPHU
_erda
082 4 _a641.597293
_bM296c, 1996
_222
100 1 _aManzano de Ortíz, Mercedes
_923001
_eautor
245 1 0 _aCocinando con Chea de Ortiz /
_cMercedes Manzano de Ortiz
250 _a4ta. edición
264 1 _aSanto Domingo :
_bCorripio,
_c1996
300 _a465 páginas :
_bIlustraciones ;
_c23 cm.
336 _2rdacontent
_atexto
_btxt
337 _2rdamedia
_asin mediación
_bn
338 _2rdacarrier
_avolumen
_bnc
500 _aIncluye datos biográficos de la autora en la solapa de la cubierta.
500 _aIncluye tablas.
590 _aInventariado 2023 / MF
650 4 _aCocina dominicana
_9192
650 0 _aGastronomía
_9362
650 4 _aPreparación de alimentos
_9193
910 _aValidado. Control de calidad MFF
942 _2ddc
_cLBS1
999 _c54466
_d54466